000 00612nam a2200181Ia 4500
003 GCL
008 140319s9999 xx 000 0 ara d
040 _aGCL /
_cGCL
082 0 4 _a020.7
_bم.د
100 1 _aمحمد فتحى عبدالهادى
245 1 0 _aدراسات فى تعليم المكتبات والمعلومات /
_cمحمد فتحى عبدالهادى
700 1 _aاسامة السيد محمود
260 _a[S.N] :
_bالمكتبة الاكاديمية ،
_c1990
300 _a239 ص
490 _a
650 0 4 _aالمكتبات، علم - تعليم وتدريس
942 _2ddc
_cBK
999 _c49498
_d49498